PRINCIPLES OF OPERATIONS MANAGEMENT (Record no. 205706)
[ view plain ]
| 000 -LEADER | |
|---|---|
| fixed length control field | 00244nam a2200097Ia 4500 |
| 050 ## - LIBRARY OF CONGRESS CALL NUMBER | |
| Classification number | TS 155 .H 3727 2008 |
| 100 ## - MAIN ENTRY--PERSONAL NAME | |
| Personal name | HEIZER,JAY |
| 245 #0 - TITLE STATEMENT | |
| Title | PRINCIPLES OF OPERATIONS MANAGEMENT |
| 942 ## - ADDED ENTRY ELEMENTS (KOHA) | |
| Koha item type | Long Loan Book |
| Withdrawn status | Lost status | Source of classification or shelving scheme | Damaged status | Not for loan | Collection | Home library | Current library | Shelving location | Date acquired | Inventory number | Total checkouts | Full call number | Barcode | Date last seen | Copy number | Price effective from | Koha item type |
|---|---|---|---|---|---|---|---|---|---|---|---|---|---|---|---|---|---|
| Library of Congress Classification | Reserve | Kisii University Library | Kisii University Library | On Display | 09/15/2023 | 24964 | TS155 .H45 2008 | 000959 | 09/15/2023 | 1 | 09/15/2023 | Short Loan Book |